Which Springfield? - Click Quiz - Statistics

General Stats
  • This quiz has been taken 8 times
  • The average score is 16 of 25
Answer Stats
Hint Answer % Correct
Is part of the Ozarks region Missouri
100%
Is 24 miles northeast of Dayton Ohio
100%
Is a state capital Illinois
86%
Is situated on the Connecticut River Massachusetts
86%
Was founded first Massachusetts
86%
Has the headquarters of Bass Pro Shops Missouri
86%
Is where Abraham Lincoln practiced law Illinois
71%
Has the Naismith Basketball Hall of Fame Massachusetts
71%
Calls itself the "Birthplace Of Route 66" Missouri
71%
Has a popular style of cashew chicken Missouri
71%
Was the target of a false pet-eating conspiracy theory in 2024 Ohio
71%
Is not far from the city of Xenia Ohio
71%
Is located just east of Eugene Oregon
71%
Was the site of a major race riot in 1908 Illinois
57%
Is mainly served by Bradley International Airport Massachusetts
57%
Has the highest population, as of 2020 Missouri
57%
Is situated on the Willamette River Oregon
57%
Is bypassed by Interstate 5 Oregon
57%
Is where the horseshoe sandwich originated Illinois
43%
Has a museum dedicated to Dr. Seuss Massachusetts
43%
Was historically known for building steamrollers Ohio
43%
Has had an influx of Haitian immigrants Ohio
43%
Is NOT the largest city of its metro area Oregon
43%
Is the seat of Sangamon County Illinois
29%
Was the inspiration for The Simpsons, according to Matt Groening Oregon
29%
No matching quizzes found
Score Distribution
Percent of People with Each Score
Percentile by Number Answered
Your Score History
You have not taken this quiz